On This Day: April 16th II Quiz Stats

 Plays Quiz Updated Apr 16, 2018

Score 0/7 Timer 03:00
0 Plays Today
Question Answer Wrong Answers
This English actor and filmmaker, known for films like ‘Modern Times’ and ‘The Great Dictator’, is born.
1889
Charlie Chaplin
84.3%
Douglas Fairbanks
4.9%
Buster Keaton
5.5%
Groucho Marx
4.7%
Bernard Baruch first uses this term to specifically describe the relationship between the United States and the Soviet Union.
1947
Cold War
81.5%
Space Race
2.4%
Truman Doctrine
1.3%
Iron Curtain
13.4%
A bill ending slavery in the District of Columbia becomes law, an event commemorated today as ______.
1862
Emancipation Day
78.6%
Freedom Day
9.8%
Liberty Day
6.4%
Patriot Day
5.1%
After a nearly 20-year exile, this Marxist activist returns to Petrograd, Russia, eventually playing a leading role in the October Revolution.
1917
Vladimir Lenin
73.6%
Joseph Stalin
16.2%
Friedrich Engels
3.2%
Grigori Rasputin
5.8%
Bangladesh and ______ begin a five-day border conflict, though disputes about their 2,500 mile long border would continue after.
2001
India
64.1%
China
7.3%
Nepal
8.9%
Myanmar
17.6%
The Treaty of Accession is signed in Athens, admitting ten new member states to the ______.
2003
European Union
63.4%
NATO
10.6%
United Nations
17.8%
League of Nations
5.8%
Dr. Martin Luther King Jr. pens his well-known letter from this jail, where he was incarcerated for protesting against segregation.
1963
Birmingham Jail
58.3%
Atlanta Jail
3.8%
Jackson Jail
3.1%
Montgomery Jail
33%

You're not logged in!

Compare scores with friends on all Sporcle quizzes.
OR
Log In

Sporcle TV

Today on Sporcle TV


Watch our educational content, quiz creation guides, and fun videos on Sporcle TV.

Show Comments

Extras

Top Quizzes Today


Score Distribution

Your Account Isn't Verified!

In order to create a playlist on Sporcle, you need to verify the email address you used during registration. Go to your Sporcle Settings to finish the process.

Report this User

Report this user for behavior that violates our Community Guidelines.

Details: